000
00344nam a2200145Ia 4500
008
150201s2002 xx 000 0 und d
082
_a
610.73
_b
P2002M
100
_a
MARLAW,D.R.
245
_a
TEXTBOOK OF PEDIATRIC NURSING
250
_a
6TH
260
_b
ELSEVIER
_a
DELHI
_c
2002
300
_a
1-1316
650
_a
PEDODONTICS
942
_2
ddc
_c
BK
999
_c
3670
_d
3670